SC Freiburg: Alle Torschützen der 2000er - Statistiken

Allgemein
  • Dieses Quiz wurde 29 mal gespielt
  • Das Durchschnittsergebnis liegt bei 14 aus 41
Antwortstatistiken
Pos. Nat. Spieler % Korrekt
ST GEO Alexander Iashvili
86%
MIT GEO Levan Kobiashvili
86%
ST SEN Papiss Demba Cisse
81%
ST CAM Mohamadou Idrissou
62%
MIT GER Sebastian Kehl
62%
MIT GEO Levan Tskitishvili
57%
MIT MLI Soumaila Coulibaly
57%
ST TUN Adel Sellimi
52%
VER MLI Boubacar Diarra
52%
MIT BIH Zlatan Bajramovic
52%
MIT LBN Roda Antar
48%
MIT RUS Vladimir But
48%
MIT GER Andreas Zeyer
38%
VER GER Dennis Aogo
38%
MIT CRO Ivica Banovic
38%
MIT TUN Zoubaier Baya
38%
MIT COD Cedric Makiadi
33%
ST GHA Ibrahim Tanko
33%
MIT GER Julian Schuster
33%
VER KOR Du-Ri Cha
29%
VER GER Heiko Butscher
29%
MIT GER Johannes Flum
29%
ST FRA Regis Dorn
29%
ST GER Stefan Müller
29%
ST DEN Tommy Bechmann
24%
ST FRA Abder Ramdane
19%
VER SUI Bruno Berner
19%
VER GER Sascha Riether
19%
ST GER Stefan Reisinger
19%
MIT GER Dennis Kruppke
14%
ST NED Ellery Cairo
14%
VER GER Felix Bastians
14%
ST GER Marco Weißhaupt
14%
VER SUI Oumar Konde
14%
ST BFA Wilfried Sanou
14%
ST GER Florian Bruns
10%
MIT FRA Yacine Abdessadki
10%
MIT GER Björn Dreyer
5%
VER GER Daniel Schumann
5%
ST NED Samuel Koejoe
5%
MIT GER Jan Männer
0%
Keine übereinstimmenden Quizze gefunden
Verteilung der Resultate
Anzahl Personen mit jedem Resultat
Perzentil nach korrekt beantworteten Fragen
Ihre Resultats-Entwicklung
Sie haben dieses Quiz noch nicht gespielt